Score 0/10 Timer 03:00
0 Plays Today
Question Answer Wrong Answers
What is the name of this chapter (chapter eleven)? The Dueling Club
93.5%
Parseltongue
2.7%
Scared of Potter
0.2%
Justin Finch-Fletchley
3.2%
How many house points did harry get for Gryffindor by winning the Quidditch game? 50
80.6%
10
5.5%
25
5.7%
75
7.4%
When Harry is released from the hospital wing, where does he find Ron and Hermione? Girl's Bathroom
78.7%
Library
7.2%
Great Hall
3.7%
Gryffindor Common Room
8.4%
At what time is the Dueling Club? 8 o'clock
61.5%
7 o'clock
13.9%
9 o'clock
8.7%
6 o'clock
12.4%
What color is the snake that comes out of Draco’s wand during Dueling Club? Black
60.3%
Brown
6%
Orange
1.7%
Green
22.6%
When Harry exploded the swelling potion, what part of Draco swelled up? Nose
60%
Ear
10.9%
Hand
12.2%
Leg
6.9%
During potions class, what does Draco keep flipping at Harry & Ron? Puffer Fish Eyes
55.3%
Dragon Bogies
12.9%
Slugs
14.9%
Spider Eggs
10.2%
During Dueling Club, what is the first spell Harry uses on Draco? Rictusempra
53.6%
Expelliarmus
20.1%
Tarantallegra
14.1%
Serpensortia
9.4%
During Dueling Club, what color are Lockhart’s robes? Plum
46.7%
Magenta
15.4%
Mauve
12.7%
Lilac
20.1%
Which Professor helps Flitwick carry Justin Finch-Fletchley to the hospital wing? Sinistra
35.5%
Trelawney
5%
McGonagall
30.5%
Sprout
15.9%
Remove Ads.
Support Sporcle.
Get the best of Sporcle when you Go Orange. This ad-free experience offers more features, more stats, and more fun while also helping to support Sporcle. Thank you for becoming a member.

You're not logged in!

Compare scores with friends on all Sporcle quizzes.
OR
Log In

Show Comments

Extras

Top Quizzes Today


Score Distribution

Your Account Isn't Verified!

In order to create a playlist on Sporcle, you need to verify the email address you used during registration. Go to your Sporcle Settings to finish the process.

Report this User

Report this user for behavior that violates our Community Guidelines.

Details: